000 00791nam a2200265 a 4500
003 AR-BaBNM
005 20251128203758.0
008 082120s2002 ||||||||||||||000 | spa||
040 _cAR-BaBNM
100 1 _aSchain, Robert L.
245 0 0 _aObtención y empleo de medios de enseñanza económicos y gratuitos
260 _aMéxico, D.F.
_bUTEHA
_c1968
300 _a105 p.
_btablas
490 0 _aManual UTEHA breve. Educación
_vv. 381
650 4 _aMEDIOS DE ENSEÑANZA
650 4 _aMATERIALES DE APOYO
650 4 _aSELECCION DE MATERIAL DIDACTICO
650 4 _aENSEÑANZA AUDIOVISUAL
650 4 _aLIBROS PARA NIÑOS
650 4 _aCONTENIDO DE LOS LIBROS DE TEXTO
700 1 _aPolner, Murray
700 1 _aAgut Armer, Vicente
_etraductor
942 _cBK
998 _cSILVI
999 _c4914
_d4914